000 00634nam a2200193Ii 4500
003 JO-AjNU
008 230606s9999||||xx |||||||||||||| ||und||
020 _a0-07-063592-7/978-0-07-063592-0
040 _aJO-AjNU
_beng
_erda
_cJO-AjNU
041 _aeng
050 1 4 _aHF5630 2009
100 3 _aTulsian,P C,
_eauthor
_9347
245 0 0 _aFundamentals of Accounting for CA Common Proficiency Test(CPT)
264 3 1 _aNEW DELHI: Tata McGraw-Hill Publishing Company Limited,2009
336 _atext
_btxt
_2rdacontent
337 _aunmediated
_bn
_2rdamedia
338 _avolume
_bnc
_2rdacarrier
650 4 _aFundamentals of Accounting
_9348
999 _aE182
_c182
_d182